| Tag |
First Indicator |
Second Indicator |
Subfields |
| LEADER |
00000cam a2200000 4500 |
| 001 |
in00000307677 |
| 005 |
20151010093503.0 |
| 008 |
731001s1967 xx abf b 00010 eng |
| 010 |
|
|
|a 67086472
|
| 015 |
|
|
|a B67-8879
|
| 035 |
|
|
|a (OCoLC)00955836
|
| 035 |
|
|
|9 ABG8143AM
|
| 040 |
|
|
|a DLC
|c DLC
|d TXA
|d UtOrBLW
|
| 043 |
|
|
|a e------
|
| 049 |
|
|
|a TXAM
|c [913977]
|
| 050 |
0 |
0 |
|a D639.T8
|b D3
|
| 082 |
0 |
|
|a 940.4/12/42
|
| 100 |
1 |
|
|a Davies, W. J. K.
|
| 245 |
1 |
0 |
|a Light railways of the First World War :
|b a history of tactical rail communications on the British fronts, 1914-18 /
|c [by] W. J. K. Davies.
|
| 264 |
|
1 |
|a Newton Abbot (Devon) :
|b David & Charles,
|c 1967.
|
| 300 |
|
|
|a 196 pages :
|b frontispiece, illustrations, plates, maps, tables, diagrams ;
|c 22 1/2 cm.
|
| 336 |
|
|
|a text
|b txt
|2 rdacontent
|
| 337 |
|
|
|a unmediated
|b n
|2 rdamedia
|
| 338 |
|
|
|a volume
|b nc
|2 rdacarrier
|
| 504 |
|
|
|a Bibliography: pages 191-192.
|
| 650 |
|
0 |
|a World War, 1914-1918
|x Transportation.
|
| 999 |
|
|
|a MARS
|
| 999 |
f |
f |
|s aa7dd0ba-f161-3074-a420-0466982dd01a
|i df7f0162-fbd6-3f60-9e35-1beb37188610
|t 0
|
| 952 |
f |
f |
|p ric
|a Texas A&M University
|b Rellis Campus
|c Joint Library Facility
|d Remote Storage
|t 0
|e D639.T8 D3
|h Library of Congress classification
|i unmediated -- volume
|m A14801886197
|
| 998 |
f |
f |
|a D639.T8 D3
|t 0
|l Remote Storage
|